| 000 | 01130 a2200217 4500 | ||
|---|---|---|---|
| 003 | Nust | ||
| 005 | 20221122142115.0 | ||
| 010 | _a 83024866 | ||
| 020 | _a007009652X (pbk.) | ||
| 040 | _cNust | ||
| 082 | 0 | 0 | _a519,CAL |
| 100 | 1 |
_aCalter, Paul. _956228 |
|
| 245 | 1 | 0 |
_aPractical math for electricity and electronics / _cPaul Calter. |
| 260 |
_aNew York : _bMcGraw-Hill, _cc1984. |
||
| 300 |
_a233 p. : _bill. ; _c23 cm. |
||
| 490 | 0 | _aMcGraw-Hill/VTX series | |
| 505 | _aCalculator Practice (Page-1), Resistance (Page-16), Introduction To Algebra (Page-23), Solving Simple Equations (Page-33), Ohm’s Law (Page-39), Electric Power And Energy (Page-43), Percent Error And Percent Efficiency (Page-48), Series Circuits (Page-56), Parallel Circuits (Page-65), Systems Of Linear Equations (Page-83), Capacitors (Page-112), Inductance (Page-119), AC (Page-169), Vectors And Phasors (Page-187), Series As Circuits (Page-195), Parallel As Circuits (Page-207), Power In Ac Circuits (Page-217). | ||
| 650 | 0 |
_aElectrical engineering _xMathematics. _955701 |
|
| 650 | 0 |
_aElectronics _xMathematics. _939051 |
|
| 942 |
_2ddc _cBK _k519,CAL |
||
| 999 |
_c180918 _d180918 |
||